| 000 | 00585nam a2200193 a 4500 | ||
|---|---|---|---|
| 005 | 20240924065824.0 | ||
| 008 | 991125s1988 mx 000 0 spa u | ||
| 020 | _a9682918286 | ||
| 035 | _aUPN01000000085 | ||
| 049 | _aCG | ||
| 050 | 4 |
_aLE7.2919 _bI22 |
|
| 110 | 2 | _aInstituto Politécnico Nacional (México) | |
| 245 | 1 | 0 |
_a50 Años en la historia de la educación tecnológica / _cInstituto Politécnico Nacional. |
| 260 |
_aMéxico : _bIPN, _cc1988. |
||
| 300 | _a288 p. | ||
| 610 | 2 | 4 | _aINSTITUTO POLITECNICO NACIONAL (MEXICO) |
| 650 | 4 |
_aEnseñanza técnica _99074 |
|
| 905 | _aLibro | ||
| 999 |
_c85 _d85 |
||